[Event "fast Standard, new members"]
[Site "SchemingMind.com"]
[Date "2006.03.22"]
[Round "-"]
[White "Valiantangel"]
[Black "MatdeInverses"]
[Result "1/2-1/2"]
[WhiteCountry "SGP"]
[BlackCountry "USA"]
[WhiteElo "1821"]
[WhiteRD "170"]
[BlackElo "1898"]
[BlackRD "52"]
[GameID "43024"]

1. c4 g6 2. Nc3 Bg7 3. g3 c5 4. Bg2 Nc6 5. Nf3 Nf6 6. O-O d6 7. a3 O-O 8. b3 Bg4 9. Bb2 Qd7 10. Qc2 Bxf3
11. Bxf3 Nd4 12. Qd3 Nxf3+ 13. Qxf3 Ng4 14. Kg2 Ne5 15. Qe3 Qc6+ 16. f3 e6 17. Qe4 Rac8 18. Qxc6 Rxc6 19. f4 Nd7 20. Na4 Bxb2
21. Nxb2 a6 22. e3 b5 23. Rab1 f5 24. d3 Nf6 25. h3 Re8 26. Rfe1 e5=
1/2-1/2

[Event "fast Standard, new members"]
[Site "SchemingMind.com"]
[Date "2006.03.17"]
[Round "-"]
[White "MatdeInverses"]
[Black "Valiantangel"]
[Result "1/2-1/2"]
[WhiteCountry "USA"]
[BlackCountry "SGP"]
[WhiteElo "1898"]
[WhiteRD "52"]
[BlackElo "1821"]
[BlackRD "170"]
[GameID "43025"]

1. c4 c5 2. g3 Nc6 3. Bg2 g6 4. Nc3 Bg7 5. Nf3 b6 6. O-O Bb7 7. b3 Nh6 8. Bb2 O-O 9. a3 Nf5 10. e3 a6
11. Qc2 e6 12. Rad1 Qc7 13. d3 Rad8 14. Ne4 f6 15. Ned2 d5 16. cxd5 exd5 17. d4 Nce7 18. e4 dxe4 19. Nxe4 Bxe4 20. Qxe4 cxd4
21. Nxd4 Nxd4 22. Rxd4 Nf5 23. Qe6+ Qf7 24. Rxd8 Qxe6 25. Bd5 Rxd8 26. Bxe6+ Kf8 27. Bxf5 gxf5 28. Rc1 Rd2 29. Rc8+ Kf7 30. Bc3 Rd5
31. Rc7+ Kg6 32. h4 Rc5 33. Rxc5 bxc5 34. Kg2 Kf7 35. Bd2 h5 36. Be3 Bf8 37. f3 Bd6 38. Kh3 Kg6 39. Bf2=
1/2-1/2

[Event "fast Standard, new members"]
[Site "SchemingMind.com"]
[Date "2006.03.17"]
[Round "-"]
[White "mart_r3000"]
[Black "MatdeInverses"]
[Result "0-1"]
[WhiteCountry "ENG"]
[BlackCountry "USA"]
[WhiteElo "1408"]
[WhiteRD "188"]
[BlackElo "1882"]
[BlackRD "79"]
[GameID "43100"]

1. e4 c5 2. Nf3 Nc6 3. Nc3 Nf6 4. d3 d6 5. Be2 g6 6. Ng5 Bg7 7. Be3 O-O 8. Nd5 e6 9. Nc3 a6 10. f4 b5
11. O-O b4 12. Na4 h6 13. Nh3 Nd7 14. Bg4 Qa5 15. c3 Bb7 16. Qb3 Nf6 17. c4 Nxg4 18. Bd2 Nd4 19. Qd1 h5 20. Ng5 Nc6
21. f5 exf5 22. exf5 Bd4+ 23. Kh1 Nce5 24. Qe1 Nxd3 25. Qe2 Ndf2+ 26. Kg1 Nh3+ 27. Kh1 Rae8 28. Ne6 Ngf2+ 29. Rxf2 Nxf2+ 30. Kg1 Qxa4
31. Re1 Qc6 32. Bh6 Qxg2#
0-1

[Event "fast Standard, new members"]
[Site "SchemingMind.com"]
[Date "2006.03.17"]
[Round "-"]
[White "mart_r3000"]
[Black "Valiantangel"]
[Result "0-1"]
[WhiteCountry "ENG"]
[BlackCountry "SGP"]
[WhiteElo "1213"]
[WhiteRD "72"]
[BlackElo "1821"]
[BlackRD "170"]
[GameID "43101"]

1. e4 e5 2. Bb5 Nf6 3. Nc3 Bc5 4. h3 O-O 5. Nf3 d6 6. O-O Ne8 7. d3 f5 8. Bg5 Nf6 9. d4 exd4 10. Bc4+ Kh8
11. Nd5 Nbd7 12. Nd2 c6 13. Nf4 Ne5 14. Nb3 Nxc4 15. Nxc5 dxc5 16. Qe2 Ne5 17. Rad1 fxe4 18. c3 d3 19. Qxe4 Nxe4 20. Bxd8 Rxd8
21. Rfe1 Bf5 22. g4 Nf3+ 23. Kf1 Nxe1 24. Rxe1 d2 25. Ke2 dxe1=R+ 26. Kxe1 Bg6 27. f3 Ng5
0-1

[Event "fast Standard, new members"]
[Site "SchemingMind.com"]
[Date "2006.03.17"]
[Round "-"]
[White "MatdeInverses"]
[Black "mart_r3000"]
[Result "1-0"]
[WhiteCountry "USA"]
[BlackCountry "ENG"]
[WhiteElo "1882"]
[WhiteRD "79"]
[BlackElo "1408"]
[BlackRD "188"]
[GameID "43102"]

1. c4 e5 2. g3 Nf6 3. Bg2 c6 4. d4 exd4 5. Qxd4 c5 6. Qd1 Nc6 7. Nc3 Nd4 8. e3 Ne6 9. Nge2 Be7 10. b3 O-O
11. Bb2 d6 12. O-O Ng4 13. Nc1 f5 14. Nd5 Bg5 15. h3 Ne5 16. f4 Bf6 17. fxe5 dxe5 18. Nxf6+ Qxf6 19. Qd6 Rd8 20. Qxe5 Qe7
21. Bd5 Kh8 22. Rxf5 Kg8 23. Nd3 Bd7 24. Nxc5 Rf8 25. Nxd7 Qxd7 26. Bxe6+ Rf7 27. Qxg7#
1-0

[Event "fast Standard, new members"]
[Site "SchemingMind.com"]
[Date "2006.03.18"]
[Round "-"]
[White "danbrown99"]
[Black "MatdeInverses"]
[Result "0-1"]
[WhiteCountry "GBR"]
[BlackCountry "USA"]
[WhiteElo "1218"]
[WhiteRD "200"]
[BlackElo "1898"]
[BlackRD "52"]
[GameID "43171"]

1. Nc3 c5 2. d3 g6 3. e4 Bg7 4. d4 cxd4 5. Na4 Qa5+ 6. b4 Qxa4 7. Rb1 Qxa2 8. Nf3 Qxb1 9. Nxd4 Qxb4+ 10. Qd2 Qxd2+
0-1

[Event "fast Standard, new members"]
[Site "SchemingMind.com"]
[Date "2006.03.18"]
[Round "-"]
[White "MatdeInverses"]
[Black "danbrown99"]
[Result "1-0"]
[WhiteCountry "USA"]
[BlackCountry "GBR"]
[WhiteElo "1898"]
[WhiteRD "52"]
[BlackElo "1218"]
[BlackRD "200"]
[GameID "43174"]

1. c4 e5 2. g3 Na6 3. Bg2 Bb4 4. a3 Bd6 5. Nc3 Nh6 6. e3 g5 7. Nge2 c5 8. O-O f6 9. d4 b6 10. Nb5 Be7
11. Bxa8
1-0

[Event "fast Standard, new members"]
[Site "SchemingMind.com"]
[Date "2006.03.19"]
[Round "-"]
[White "super_cfb"]
[Black "MatdeInverses"]
[Result "0-1"]
[WhiteCountry "CAN"]
[BlackCountry "USA"]
[WhiteElo "1151"]
[WhiteRD "138"]
[BlackElo "1898"]
[BlackRD "52"]
[GameID "43299"]

1. c4 g6 2. e4 Bg7 3. d4 c6 4. e5 d6 5. Nf3 dxe5 6. Be3 exd4 7. Bxd4 Bxd4 8. Nxd4 e5 9. Nf3 Qxd1+ 10. Kxd1 f6
11. Nc3 Bg4 12. h3 Bxf3+ 13. gxf3 Nd7 14. h4 O-O-O 15. b4 Ne7 16. b5 Nc5+ 17. Ke1 cxb5 18. Nxb5 a6 19. Na7+ Kb8 20. Rd1 Rxd1+
21. Kxd1 Kxa7 22. h5 Rd8+ 23. Kc2 g5 24. Be2 h6
0-1

[Event "fast Standard, new members"]
[Site "SchemingMind.com"]
[Date "2006.03.19"]
[Round "-"]
[White "super_cfb"]
[Black "mart_r3000"]
[Result "0-1"]
[WhiteCountry "CAN"]
[BlackCountry "ENG"]
[WhiteElo "1151"]
[WhiteRD "138"]
[BlackElo "1213"]
[BlackRD "72"]
[GameID "43300"]

1. e4 e5 2. Nf3 Nc6 3. Nc3 g6 4. h4 Bc5 5. d4 exd4 6. Nd5 d6 7. Bc4 Nh6 8. Ng5 Ne5 9. Nf4 Nxc4 10. b3 Ng4
11. bxc4 Ne5 12. Qe2 Bg4 13. f3 Bb4+ 14. Bd2 Bc5 15. fxg4 Qd7 16. O-O d3+ 17. Qf2 Bxf2+
0-1

[Event "fast Standard, new members"]
[Site "SchemingMind.com"]
[Date "2006.03.19"]
[Round "-"]
[White "MatdeInverses"]
[Black "super_cfb"]
[Result "1-0"]
[WhiteCountry "USA"]
[BlackCountry "CAN"]
[WhiteElo "1882"]
[WhiteRD "79"]
[BlackElo "1367"]
[BlackRD "211"]
[GameID "43303"]

1. c4 e5 2. g3 f5 3. Bg2 Nc6 4. Nc3 Nf6 5. e3 g5 6. d4 Ng4 7. d5 Nb4 8. e4 Bc5 9. Nh3 Rf8 10. Bxg5 Nxf2
11. Qh5+ Rf7 12. Bxd8 Nbd3+ 13. Ke2 Nxb2 14. Ng5 Nxh1 15. Nxf7 f4 16. Nd6+ Kf8 17. Qf7#
1-0

[Event "fast Standard, new members"]
[Site "SchemingMind.com"]
[Date "2006.03.19"]
[Round "-"]
[White "mart_r3000"]
[Black "super_cfb"]
[Result "1-0"]
[WhiteCountry "ENG"]
[BlackCountry "CAN"]
[WhiteElo "1408"]
[WhiteRD "188"]
[BlackElo "1367"]
[BlackRD "211"]
[GameID "43304"]

1. e4 Nc6 2. d4 Nf6 3. f3 e6 4. e5 Bb4+ 5. c3 Nd5 6. cxb4 Qh4+ 7. g3 Qxd4 8. Nd2 Qxe5+ 9. Ne4 Ncxb4 10. Nh3 O-O
11. Ng5 c5 12. Bh3 f6 13. f4 Qd4 14. Qh5 Nd3+ 15. Kf1 g6 16. Qxh7#
1-0

[Event "fast Standard, new members"]
[Site "SchemingMind.com"]
[Date "2006.03.19"]
[Round "-"]
[White "Maksymiliang"]
[Black "MatdeInverses"]
[Result "0-1"]
[WhiteCountry "POL"]
[BlackCountry "USA"]
[WhiteElo "1698"]
[WhiteRD "177"]
[BlackElo "1898"]
[BlackRD "52"]
[GameID "43315"]

1. Nf3 g6 2. d4 c5 3. e3 Bg7 4. c4 Nf6 5. d5 d6 6. Nc3 O-O 7. Bd3 e5 8. e4 Nbd7 9. O-O Ne8 10. a3 f5
11. Qc2 f4 12. b4 b6 13. b5 g5 14. h3 h5 15. Nh2 Ndf6 16. f3 Kh8 17. Qe2 Bh6 18. Bd2 Rg8 19. Be1 Ng7 20. Nd1 Bd7
21. a4 g4 22. fxg4 hxg4 23. hxg4 Bg5 24. Qf3 Nge8 25. Nf2 Qc8 26. Be2 Kg7
0-1

[Event "fast Standard, new members"]
[Site "SchemingMind.com"]
[Date "2006.03.19"]
[Round "-"]
[White "Maksymiliang"]
[Black "mart_r3000"]
[Result "1-0"]
[WhiteCountry "POL"]
[BlackCountry "ENG"]
[WhiteElo "1698"]
[WhiteRD "177"]
[BlackElo "1213"]
[BlackRD "72"]
[GameID "43316"]

1. c4 e5 2. Nc3 c6 3. Nf3 d6 4. d3 Qa5 5. Bd2 Nf6 6. e3 Na6 7. Be2 Be7 8. Nd5 Qc5 9. b4 Nxb4 10. Bxb4 Qxb4+
11. Nxb4 Ng4 12. h3 e4 13. hxg4 Bxg4 14. dxe4 d5 15. a3 O-O 16. exd5 Rfd8 17. Qc2 Rac8 18. Qxh7+
1-0

[Event "fast Standard, new members"]
[Site "SchemingMind.com"]
[Date "2006.03.19"]
[Round "-"]
[White "Maksymiliang"]
[Black "super_cfb"]
[Result "1-0"]
[WhiteCountry "POL"]
[BlackCountry "CAN"]
[WhiteElo "1698"]
[WhiteRD "177"]
[BlackElo "1151"]
[BlackRD "138"]
[GameID "43318"]

1. e4 c5 2. Nf3 Nc6 3. Nc3 b6 4. d4 Nf6 5. d5 Nb4 6. a3 Ba6 7. axb4 Bxf1 8. Rxf1 cxb4 9. Ne2 Nxe4 10. Qd4 f5
11. Qxb4 a5 12. Qd4 e6 13. dxe6 dxe6 14. Be3 Bc5 15. Qxg7
1-0

[Event "fast Standard, new members"]
[Site "SchemingMind.com"]
[Date "2006.03.19"]
[Round "-"]
[White "MatdeInverses"]
[Black "Maksymiliang"]
[Result "1-0"]
[WhiteCountry "USA"]
[BlackCountry "POL"]
[WhiteElo "1956"]
[WhiteRD "47"]
[BlackElo "1731"]
[BlackRD "136"]
[GameID "43320"]

1. c4 e5 2. g3 Nf6 3. Bg2 Nc6 4. Nc3 g6 5. Nf3 Bg7 6. O-O O-O 7. d3 d5 8. cxd5 Nxd5 9. Bd2 Nce7 10. Rc1 c6
11. a3 h6 12. Rc2 Kh7 13. Qc1 f6 14. b4 a6 15. Na4 b6 16. Ne1 Bb7 17. e4 Nc7 18. Nxb6 Rb8 19. Na4 Ne6 20. Be3 Qd6
21. Bc5 Qc7 22. Bh3 Ng5 23. Bg2 Rfe8 24. f4 exf4 25. gxf4 Nf7 26. d4 Qd8 27. Nc3 Rc8 28. Nd3 Qd7 29. Rf3 Qd8 30. Rg3 f5
31. Ne5 Nxe5 32. fxe5 Rg8 33. Bh3
1-0

[Event "fast Standard, new members"]
[Site "SchemingMind.com"]
[Date "2006.03.19"]
[Round "-"]
[White "mart_r3000"]
[Black "Maksymiliang"]
[Result "0-1"]
[WhiteCountry "ENG"]
[BlackCountry "POL"]
[WhiteElo "1213"]
[WhiteRD "72"]
[BlackElo "1698"]
[BlackRD "177"]
[GameID "43321"]

1. e4 e5 2. Bb5 Nf6 3. Nc3 Nc6 4. g3 a6 5. Bc4 b5 6. Bb3 Bb7 7. d3 Be7 8. Nf3 O-O 9. Ng5 Nd4 10. Nd5 Nxb3
11. Nxf6+ Bxf6 12. Qh5 Bxg5 13. Bxg5 f6 14. Bh4 Nxa1 15. Qd1 Nxc2+ 16. Qxc2 g5 17. Rg1 gxh4 18. gxh4+ Kh8 19. f3 Rg8 20. Rf1 Rg7
21. Qf2 Qg8 22. h5 Rg2 23. Qc5 Qxa2 24. Rf2 Qb1+ 25. Kd2 Qxb2+ 26. Ke1 Rg1+ 27. Rf1 Rxf1+ 28. Kxf1 Qxh2 29. Qxc7 Rc8
0-1

[Event "fast Standard, new members"]
[Site "SchemingMind.com"]
[Date "2006.03.19"]
[Round "-"]
[White "super_cfb"]
[Black "Maksymiliang"]
[Result "0-1"]
[WhiteCountry "CAN"]
[BlackCountry "POL"]
[WhiteElo "1151"]
[WhiteRD "138"]
[BlackElo "1698"]
[BlackRD "177"]
[GameID "43323"]

1. g4 d5 2. Nc3 Bxg4 3. h3 Bh5 4. d4 Nf6 5. Nf3 Bxf3 6. exf3 Nc6 7. f4 e6 8. a4 a6 9. f3 Bb4 10. Qd2 Qd7
11. f5 exf5 12. Qe2+ Ne7 13. Bd2 O-O 14. b3 Rfe8
0-1

[Event "fast Standard, new members"]
[Site "SchemingMind.com"]
[Date "2006.03.20"]
[Round "-"]
[White "emptythinker"]
[Black "MatdeInverses"]
[Result "0-1"]
[WhiteCountry "BEL"]
[BlackCountry "USA"]
[WhiteElo "1479"]
[WhiteRD "209"]
[BlackElo "1882"]
[BlackRD "79"]
[GameID "43387"]

1. e4 c5 2. Nf3 Nc6 3. d4 cxd4 4. Nxd4 Nf6 5. Nc3 d6 6. Bc4 Bd7 7. Nxc6 bxc6 8. Bb3 g6 9. Bg5 Bg7 10. O-O O-O
11. Qd2 Re8 12. Rad1 Bg4 13. f3 Be6 14. Ba4 Rb8 15. Be3 Qc7 16. Qf2 Rxb2 17. Bb3 Bxb3 18. axb3 Nd5 19. exd5 Bxc3 20. Rd3 Bf6
21. Ra1 cxd5 22. Rxa7 Rb1+
0-1

[Event "fast Standard, new members"]
[Site "SchemingMind.com"]
[Date "2006.03.20"]
[Round "-"]
[White "emptythinker"]
[Black "mart_r3000"]
[Result "1-0"]
[WhiteCountry "BEL"]
[BlackCountry "ENG"]
[WhiteElo "1637"]
[WhiteRD "114"]
[BlackElo "1213"]
[BlackRD "72"]
[GameID "43388"]

1. e4 Nf6 2. e5 Ne4 3. d3 Nc5 4. d4 Ne6 5. d5 Nc5 6. b4 e6 7. bxc5 Bxc5 8. dxe6 O-O 9. exf7+ Rxf7 10. Nf3 d6
11. Bc4 Bb4+ 12. c3 Bc5 13. Qd5 Qe7 14. O-O c6 15. Qxf7+ Qxf7 16. Bxf7+ Kxf7 17. Ba3 Nd7 18. Bxc5 Nxc5 19. exd6 Nd3 20. Rd1 Bf5
21. Na3 Re8 22. Rxd3 Bxd3 23. Rd1 Bf5 24. Nc4 Re6 25. d7 Bc2 26. Ng5+
1-0

[Event "fast Standard, new members"]
[Site "SchemingMind.com"]
[Date "2006.03.20"]
[Round "-"]
[White "emptythinker"]
[Black "Valiantangel"]
[Result "0-1"]
[WhiteCountry "BEL"]
[BlackCountry "SGP"]
[WhiteElo "1563"]
[WhiteRD "99"]
[BlackElo "1857"]
[BlackRD "134"]
[GameID "43389"]

1. e4 c6 2. Nc3 d5 3. Nf3 d4 4. Ne2 c5 5. c3 Nc6 6. d3 e5 7. g3 Bd6 8. Bg2 Nge7 9. O-O O-O 10. Ne1 b5
11. f4 a6 12. Bd2 f5 13. Nc2 Bb7 14. Kh1 Qc7 15. Rc1 Qb6 16. a4 Nd8 17. a5 Qa7 18. Qe1 fxe4 19. fxe5 Rxf1+ 20. Qxf1 Bxe5
21. cxd4 exd3 22. dxe5 Bxg2+ 23. Qxg2 dxc2 24. Rxc2 Rc8 25. Bg5 Nf7 26. Bxe7 Qxe7 27. Qd5 Qxe5 28. Nf4 Qxd5+ 29. Nxd5 Kf8 30. Nb6 Rc7
31. Rxc5 Rb7 32. Rd5 Re7 33. Rf5 Re1+
0-1

[Event "fast Standard, new members"]
[Site "SchemingMind.com"]
[Date "2006.03.20"]
[Round "-"]
[White "emptythinker"]
[Black "super_cfb"]
[Result "1-0"]
[WhiteCountry "BEL"]
[BlackCountry "CAN"]
[WhiteElo "1637"]
[WhiteRD "114"]
[BlackElo "1151"]
[BlackRD "138"]
[GameID "43390"]

1. e4 e5 2. Nf3 d6 3. d4 Nc6 4. Bc4 Nf6 5. Nc3 a6 6. dxe5 dxe5 7. Qxd8+ Kxd8 8. Ng5 Rg8 9. Bxf7 Rh8 10. O-O Nd4
11. Be3
1-0

[Event "fast Standard, new members"]
[Site "SchemingMind.com"]
[Date "2006.03.20"]
[Round "-"]
[White "emptythinker"]
[Black "Maksymiliang"]
[Result "0-1"]
[WhiteCountry "BEL"]
[BlackCountry "POL"]
[WhiteElo "1563"]
[WhiteRD "99"]
[BlackElo "1731"]
[BlackRD "136"]
[GameID "43392"]

1. e4 c5 2. Nf3 d6 3. d4 cxd4 4. Nxd4 Nf6 5. Nc3 a6 6. Bc4 e6 7. Bb3 Be7 8. f4 Qc7 9. O-O O-O 10. Be3 b5
11. a3 Bb7 12. Qd3 Nc6 13. f5 e5 14. Nxc6 Bxc6 15. Rae1 Rac8 16. Rf3 Rfd8 17. Rg3 g6 18. fxg6 hxg6 19. Rxg6+ Kf8 20. Rxf6 Bxf6
21. Rf1 Qe7 22. Bh6+ Kg8 23. Qg3+ Kh7
0-1

[Event "fast Standard, new members"]
[Site "SchemingMind.com"]
[Date "2006.03.20"]
[Round "-"]
[White "MatdeInverses"]
[Black "emptythinker"]
[Result "1-0"]
[WhiteCountry "USA"]
[BlackCountry "BEL"]
[WhiteElo "1882"]
[WhiteRD "79"]
[BlackElo "1479"]
[BlackRD "209"]
[GameID "43393"]

1. c4 e6 2. g3 d5 3. Bg2 Nf6 4. Nf3 Be7 5. O-O O-O 6. b3 a6 7. Bb2 Nbd7 8. d3 Rb8 9. Nbd2 b5 10. cxd5 Nxd5
11. Rc1 Bb7 12. Qc2 c6 13. Ne4 N7f6 14. Nc5 Nb4 15. Qb1 Bxc5 16. Rxc5 Qd6 17. Rg5 Qe7 18. Be5 Rbc8 19. Qb2 Kh8 20. Qd4 c5
21. Qh4 h6 22. Rh5 Nbd5 23. Rxh6+ gxh6 24. Qxh6+ Kg8 25. Ng5
1-0

[Event "fast Standard, new members"]
[Site "SchemingMind.com"]
[Date "2006.03.20"]
[Round "-"]
[White "mart_r3000"]
[Black "emptythinker"]
[Result "0-1"]
[WhiteCountry "ENG"]
[BlackCountry "BEL"]
[WhiteElo "1213"]
[WhiteRD "72"]
[BlackElo "1637"]
[BlackRD "114"]
[GameID "43394"]

1. e4 e5 2. c3 Nc6 3. Nf3 Nf6 4. d4 Nxe4 5. Bd3 d5 6. Qa4 exd4 7. cxd4 Bf5 8. O-O Bd6 9. Na3 a6 10. Qb3 O-O
11. Qxd5 Bxh2+ 12. Kxh2 Qxd5 13. Bc4 Qd6+ 14. g3 b5 15. Bf4 Qe7 16. Bd5 Nb4 17. Bb3 Nd3 18. Be3 Bg4 19. Ng1 Rab8 20. f3 Nxg3
21. Kxg3 Qxe3 22. Kxg4 Qf4+ 23. Kh3 Rb6 24. Ne2 Rh6+
0-1

[Event "fast Standard, new members"]
[Site "SchemingMind.com"]
[Date "2006.03.22"]
[Round "-"]
[White "Valiantangel"]
[Black "emptythinker"]
[Result "1-0"]
[WhiteCountry "SGP"]
[BlackCountry "BEL"]
[WhiteElo "1857"]
[WhiteRD "134"]
[BlackElo "1563"]
[BlackRD "99"]
[GameID "43395"]

1. e4 e5 2. Qh5 Nc6 3. Bc4 g6 4. Qf3 Nf6 5. d3 Nd4 6. Qd1 d5 7. exd5 Nxd5 8. h3 Be6 9. Nf3 Nxf3+ 10. Qxf3 c6
11. O-O Bg7 12. Nc3 Qd7 13. Bg5 O-O 14. Bb3 Rae8 15. Nxd5 cxd5 16. Bf6 Bxf6 17. Qxf6 e4 18. dxe4 dxe4 19. Rad1 Qe7 20. Qd4 Bxb3
21. axb3 b6 22. Qd7 f5 23. Rd4 Rf7 24. Rfd1 Qxd7 25. Rxd7 Ree7 26. Rxe7 Rxe7 27. Kf1 Kf7 28. Ke2 Ke6 29. Ke3 Ke5 30. g3 g5
31. c4 f4+ 32. Ke2 Kf6 33. gxf4
1-0

[Event "fast Standard, new members"]
[Site "SchemingMind.com"]
[Date "2006.03.20"]
[Round "-"]
[White "Maksymiliang"]
[Black "emptythinker"]
[Result "1-0"]
[WhiteCountry "POL"]
[BlackCountry "BEL"]
[WhiteElo "1731"]
[WhiteRD "136"]
[BlackElo "1563"]
[BlackRD "99"]
[GameID "43398"]

1. Nf3 d5 2. d4 Nf6 3. c4 e6 4. Nc3 Be7 5. Bg5 O-O 6. e3 Nbd7 7. Bd3 c5 8. cxd5 exd5 9. dxc5 Nxc5 10. Be2 Be6
11. O-O Nce4 12. Nxe4 dxe4 13. Nd4 Qb6 14. Nxe6 Qxe6 15. Qa4 Rfd8 16. Rfd1 a6 17. a3 h6 18. Bh4 Rd5 19. Rxd5 Nxd5 20. Bg3 Rd8
21. Rc1 Bf6 22. Qc2 Qb6 23. b4 Nc3 24. Bf1
1-0